[Event "9. Korbacher Open 2017"]
[Site "Korbach"]
[Date "2017.10.20"]
[Round "3"]
[White "Schmidt, Matthias"]
[Black "Held, Martin"]
[Result "1-0"]
[WhiteElo "2031"]
[BlackElo "1821"]
[Annotator "NA RC"]
[PlyCount "43"]
[EventDate "2017.??.??"]
[EventType "swiss"]
[EventCountry "GER"]
[SourceTitle "playchess.com"]
[Source "ChessBase"]
[SourceQuality "1"]
[TimeControl "40/5400+30:1800+30"]

{[%evp 10,43,79,68,68,81,128,130,145,356,157,139,140,151,172,114,183,106,115,105,197,172,154,25,111,120,113,157,167,98,240,260,978,988,1216,1258]} 1. e4 {[%emt 0:00:00]} e5 {[%emt 0:00:50]} 2. Nc3 {[%emt 0:00:00]} Nf6 {[%emt 0:01:20]} 3. Bc4 {[%emt 0:00:07]} Nxe4 {[%emt 0:02:10]} 4. Qh5 {[%emt 0:01:48]} Nd6 {[%emt 0:00:20]} 5. Bb3 {[%emt 0:02:44]} Nc6 {[%emt 0:01:07] [#]} (5... Be7 $1 $11) 6. Nb5 $1 {[%emt 0:01:24] LiveBook: 37 Games} g6 {[%emt 0:00:55]} 7. Qf3 {[%emt 0:00:36]} f5 {[%emt 0:00:27]} 8. Qd5 {[%emt 0:00:52]} Qe7 {[%emt 0:00:16]} 9. Nxc7+ {[%emt 0:02:37]} Kd8 {[%emt 0:00:06]} 10. Nxa8 {[%emt 0:01:28]} b6 {[%emt 0:05:11]} 11. Qd3 {[%emt 0:29:21] C27: Vienna Game: 2...Nf6 3 Bc4 Nxe4} Bb7 {[%emt 0:07:16]} 12. Nxb6 {[%emt 0:03:26]} Nb4 $146 {[%emt 0:17:15]} ({Predecessor:} 12... axb6 $16 {was worth a try.} 13. Ne2 Nd4 (13... f4 14. O-O h5 15. f3 Nf5 16. Qb5 Qc5+ 17. Qxc5 Bxc5+ 18. Rf2 h4 {½-½ (38) Meissen,F (2555)-Rulfs,E (2384) Remote email 2013})) 13. Qf1 {[%emt 0:05:09]} (13. Qh3 $18 {and White stays clearly on top.} axb6 14. Ne2) 13... axb6 {[%emt 0:08:19]} 14. a3 {[%emt 0:16:34]} Ba6 {[%emt 0:08:49]} (14... Nc6 $16 {is a better defense.}) 15. Ne2 {[%emt 0:05:12]} Nc6 {[%emt 0:02:43]} 16. Qg1 {[%emt 0:06:14]} (16. d3 $18) 16... Nd4 {[%emt 0:05:00] [#]} (16... Bxe2 $1 $14 17. Kxe2 Nd4+ 18. Kf1 Bg7) 17. d3 $1 {[%emt 0:02:43]} Nxe2 {[%emt 0:11:19]} 18. Kxe2 {[%emt 0:00:06]} e4 {[%emt 0:01:12]} 19. Kd1 {[%emt 0:00:10]} (19. Qe1 $18) 19... Bg7 {[%emt 0:04:41]} (19... exd3 $142 20. cxd3 Bxd3) 20. f3 {[%emt 0:02:09]} exd3 $2 {[%emt 0:03:52]} (20... Nc8 21. Qf2 exd3 22. cxd3 Re8) 21. Qxb6+ {[%emt 0:00:22]} Ke8 {[%emt 0:00:52]} 22. Re1 $18 {[%emt 0:00:40]} 1-0

[Event "9. Korbacher Open 2017"]
[Site "Korbach"]
[Date "2017.10.20"]
[Round "3"]
[White "Stahnke, Thorsten"]
[Black "Ohst, Holger"]
[Result "1/2-1/2"]
[WhiteElo "2026"]
[BlackElo "1986"]
[Annotator "NA RC"]
[PlyCount "163"]
[EventDate "2017.??.??"]
[EventType "swiss"]
[EventCountry "GER"]
[SourceTitle "playchess.com"]
[Source "ChessBase"]
[SourceQuality "1"]
[TimeControl "40/5400+30:1800+30"]

{[%evp 10,157,48,43,49,47,59,47,62,59,49,55,59,57,68,67,63,55,57,32767,32767,32767,38,35,33,36,60,68,61,22,64,29,41,50,41,32,41,0,133,118,177,177,170,168,190,176,181,61,48,45,77,50,90,88,97,32767,108,97,102,32767,145,160,32767,170,32767,162,32767,32767,32767,32767,32767,32767,32767,32767,32767,212,227,225,32767,218,306,368,337,266,719,736,881,892,406,1445,889,1020,1315,5518,1513,1467,1556,5097,1892,2562,1476,1655,1618,2057,29981,29973,29973,29975,29982,29977,32767,29976,29977,32767,32767,29978,32767,32767,32767,32767,32767,29979,29971,32767,29979,29980,29981,1531,992,0,0,32767,0,0,0,0,0,8,0,0,0,0,0,0,0,0,0,0,0,0]} 1. c4 {[%emt 0:00:00]} c5 {[%emt 0:00:31]} 2. Nf3 {[%emt 0:00:00]} g6 {[%emt 0:01:58]} 3. d4 {[%emt 0:00:10]} cxd4 {[%emt 0:01:44]} 4. Nxd4 {[%emt 0:00:09]} Bg7 {[%emt 0:00:13]} 5. e4 {[%emt 0:01:19]} d6 {[%emt 0:08:25]} 6. Be3 {[%emt 0:01:36]} Nf6 {[%emt 0:02:14]} 7. f3 $1 {[%emt 0:00:15]} Bd7 {[%emt 0:06:19]} 8. Nc3 {[%emt 0:02:56]} Nc6 {[%emt 0:06:19]} 9. Qd2 {[%emt 0:02:48] LiveBook: 8 Partien} a6 {[%emt 0:09:16]} 10. Be2 {[%emt 0:02:08]} Rb8 {[%emt 0:06:54]} 11. O-O {[%emt 0:04:25]} O-O {[%emt 0:02:56]} 12. Rfd1 {[%emt 0:00:25]} Nxd4 {[%emt 0:14:15] B38: Sicilian: Maroczy Bind with 5...Bg7 and 7...0-0} 13. Bxd4 {[%emt 0:00:27]} Bc6 {[%emt 0:01:11]} 14. Bf1 $146 {[%emt 0:19:29]} ({Predecessor:} 14. Rac1 Nd7 15. Ba7 Ra8 16. Be3 Rb8 17. b4 b5 18. cxb5 axb5 19. Nd5 Bxd5 20. Qxd5 {1-0 (32) Butnorius,A (2378)-Harestad,T (2206) Porto 2014}) 14... Nd7 {[%emt 0:01:29]} 15. Be3 {[%emt 0:01:16]} b5 {[%emt 0:05:19]} 16. cxb5 {[%emt 0:02:19]} axb5 {[%emt 0:02:36]} 17. Ne2 {[%emt 0:05:47]} Ne5 {[%emt 0:04:09]} 18. Nd4 {[%emt 0:01:06]} Qd7 {[%emt 0:05:06]} 19. Rdc1 {[%emt 0:06:25]} Rfc8 {[%emt 0:03:45]} 20. Rc2 {[%emt 0:04:54]} d5 {[%emt 0:05:04]} 21. Nxc6 {[%emt 0:03:07]} Rxc6 {[%emt 0:00:38]} 22. Rxc6 {[%emt 0:00:46]} Qxc6 {[%emt 0:00:37]} 23. exd5 {[%emt 0:00:22]} Qf6 {[%emt 0:01:11]} (23... Qd7 $11) 24. Rc1 {[%emt 0:03:55]} Nc4 {[%emt 0:02:33]} 25. Bxc4 {[%emt 0:00:17]} bxc4 {[%emt 0:00:01]} 26. Rxc4 {[%emt 0:00:22]} Qxb2 {[%emt 0:01:24]} 27. Qxb2 {[%emt 0:01:51]} Bxb2 {[%emt 0:00:02]} 28. Rc7 {[%emt 0:04:35]} (28. a4 $16) 28... Kf8 {[%emt 0:04:50]} 29. Bc5 {[%emt 0:02:17]} Bf6 {[%emt 0:00:22]} 30. d6 {[%emt 0:02:49]} exd6 {[%emt 0:00:02]} 31. Bxd6+ {[%emt 0:00:10]} Kg8 {[%emt 0:00:15]} 32. Kf2 {[%emt 0:11:35]} Bd4+ {[%emt 0:01:30]} 33. Ke2 {[%emt 0:02:39]} Ra8 {[%emt 0:00:44]} 34. Rc2 {[%emt 0:02:40]} Ra6 {[%emt 0:00:41] [#]} 35. Bb4 $1 {[%emt 0:00:27]} Be5 {[%emt 0:01:59]} 36. g3 {[%emt 0:00:41]} f5 {[%emt 0:00:28]} 37. a3 {[%emt 0:00:48]} Kf7 {[%emt 0:00:39]} 38. f4 {[%emt 0:00:31]} Bd6 {[%emt 0:01:00]} 39. Bxd6 {[%emt 0:03:24]} Rxd6 {[%emt 0:00:01]} 40. a4 {[%emt 0:00:12]} Ra6 {[%emt 0:30:43]} 41. Ra2 {[%emt 0:30:01]} Ke6 {[%emt 0:00:00]} 42. a5 {[%emt 0:00:00]} Kd5 {[%emt 0:00:00] [#]} 43. Kd3 $1 {[%emt 0:00:00]} Kc5 {[%emt 0:00:00]} 44. Kc3 {[%emt 0:00:00]} h5 {[%emt 0:00:00]} 45. h4 {[%emt 0:00:00]} Kb5 {[%emt 0:00:00]} 46. Kd4 {[%emt 0:00:00]} Rd6+ $2 {[%emt 0:00:00]} (46... Kc6 47. Rc2+ Kd7) 47. Ke5 {[%emt 0:00:00]} Ra6 {[%emt 0:00:00]} 48. Kd5 {[%emt 0:00:00]} Kb4 {[%emt 0:00:00]} 49. Ra1 {[%emt 0:00:00]} Kc3 {[%emt 0:00:00]} 50. Kc5 {[%emt 0:00:00]} Kd3 {[%emt 0:00:00]} 51. Kb5 {[%emt 0:00:00]} Ra8 {[%emt 0:00:00]} 52. Ra3+ {[%emt 0:00:00]} Ke2 {[%emt 0:00:00]} 53. a6 {[%emt 0:00:00]} Kf2 {[%emt 0:00:00]} 54. Kb6 {[%emt 0:00:00]} Re8 {[%emt 0:00:00]} 55. a7 {[%emt 0:00:00]} Rf8 {[%emt 0:00:00]} 56. Kc6 {[%emt 0:00:00]} (56. Rc3 $142 Ke2 57. Kb7) 56... Rf6+ {[%emt 0:00:00]} 57. Kd5 {[%emt 0:00:00]} Rf8 {[%emt 0:00:00]} 58. Ke6 {[%emt 0:00:00]} Kg2 {[%emt 0:00:00]} 59. Ke7 {[%emt 0:00:00]} Ra8 {[%emt 0:00:09]} 60. Kf6 {[%emt 0:00:00]} Kh3 {[%emt 0:00:50]} 61. Kxg6 {[%emt 0:00:00]} Kg4 {[%emt 0:00:04]} 62. Kg7 {[%emt 0:03:38]} Kh3 {[%emt 0:00:23]} 63. Kf6 {[%emt 0:01:17]} Kg4 {[%emt 0:00:12]} 64. Kg6 {[%emt 0:00:21]} Rg8+ {[%emt 0:00:08]} 65. Kf7 {[%emt 0:00:40]} Ra8 {[%emt 0:00:03]} 66. Ke6 {[%emt 0:00:16]} Re8+ {[%emt 0:00:26]} 67. Kd6 {[%emt 0:00:29]} Ra8 {[%emt 0:00:16]} 68. Ra5 {[%emt 0:01:28]} (68. Kc6 $142 Rxa7 69. Rxa7 Kxg3 70. Kd6 Kxf4 71. Ra4+ Kf3 72. Ke5 f4 73. Rxf4+ Ke3 74. Rf5) 68... Kxg3 {[%emt 0:00:43]} 69. Rxf5 $2 {[%emt 0:05:41]} (69. Ke5 $18 Kg4 70. Ra6) 69... Rxa7 {[%emt 0:00:13]} 70. Rf8 {[%emt 0:00:16]} Kxh4 {[%emt 0:02:32]} 71. Rg8 {[%emt 0:00:26]} Kh3 {[%emt 0:00:54]} 72. f5 {[%emt 0:04:05]} h4 {[%emt 0:00:09]} 73. f6 {[%emt 0:00:49]} Kh2 {[%emt 0:00:52]} 74. Rg7 {[%emt 0:01:22]} Ra1 {[%emt 0:03:11]} 75. Ke5 {[%emt 0:01:49]} h3 {[%emt 0:03:43]} 76. Rg4 {[%emt 0:01:49]} Ra5+ {[%emt 0:01:12]} 77. Ke6 $11 {[%emt 0:00:54]} Ra6+ {[%emt 0:00:19]} 78. Kf7 {[%emt 0:00:02]} Kh1 {[%emt 0:00:25]} 79. Kg7 {[%emt 0:00:06]} h2 {[%emt 0:00:43]} 80. f7 {[%emt 0:00:20]} Ra7 {[%emt 0:00:08]} 81. Kg8 {[%emt 0:00:02]} Rxf7 {[%emt 0:00:09]} 82. Kxf7 {[%emt 0:00:02]} 1/2-1/2

[Event "9. Korbacher Open 2017"]
[Site "Korbach"]
[Date "2017.10.20"]
[Round "3"]
[White "Maiwald, Harald"]
[Black "Vlaming, Jos"]
[Result "1-0"]
[WhiteElo "2014"]
[BlackElo "2136"]
[Annotator "TA"]
[PlyCount "77"]
[EventDate "2017.??.??"]
[EventType "swiss"]
[EventCountry "GER"]
[SourceTitle "playchess.com"]
[Source "ChessBase"]
[SourceQuality "1"]

{[%evp 24,77,0,0,37,42,35,29,34,37,40,16,16,17,34,34,35,37,42,37,41,52,54,45,56,57,67,18,75,68,85,71,82,25,87,75,95,73,108,48,109,114,144,122,338,310,461,312,310,294,278,251,1841,1633,29987,29988]} 1. Nf3 d5 2. g3 c5 3. Bg2 Nc6 4. d4 e6 5. O-O Nf6 6. c4 Be7 7. cxd5 exd5 8. Nc3 O-O 9. Bg5 c4 10. Ne5 Be6 11. Nxc4 dxc4 12. Bxf6 {D34: Tarrasch Defence: 6 g3 Nf6 7 Bg2 Be7} Bxf6 13. d5 {LiveBook: 13 Games} Bxd5 (13... Qb6 {is more complex.} 14. dxc6 bxc6 15. Rb1 Rab8 16. Qc2 Rfd8) (13... Bg4 14. dxc6 bxc6 15. Qc2 Rb8 16. Rab1 Qb6 17. Ne4 Bxb2 18. Ng5 {½-½ (18) Damaso,R (2365)-Dias,P (2440) Porto 2012}) 14. Qxd5 {White is slightly better.} Qxd5 15. Bxd5 Na5 16. Rac1 Rfd8 $146 {[#] Strongly threatening ...Bxc3.} ({Predecessor:} 16... Rac8 17. Rc2 Rfd8 18. Rd1 a6 19. a4 Kf8 {½-½ (47) Weidel,A-Beyer,C Wuerttemberg 1992}) 17. Rfd1 Kf8 18. e4 Rac8 19. f4 a6 20. Kf2 b5 21. Kf3 Bxc3 22. bxc3 Ke7 23. Ke3 Rd7 24. g4 Rcd8 25. Rd4 f6 (25... Nb7 $11) 26. Rcd1 Rb8 27. Rb1 Rc7 28. Rb4 (28. h4 $16) 28... Rc5 (28... h5 $11 {keeps the balance.}) 29. h4 Rc7 30. Rd1 Rd8 31. Rbb1 (31. g5 $16) 31... Rcd7 ({Black should play} 31... Nb7 $14) 32. Rd4 $16 Rb8 33. g5 Rc7 $2 (33... Kd8 $16 {was worth a try.}) 34. gxf6+ $18 Kxf6 (34... gxf6 $142 35. Rg1 Nc6) 35. e5+ Ke7 36. Rg1 Kf8 37. f5 {[%cal Bf4f5,Bf5f6,Bf6g7][%mdl 32] [#] Black must now prevent f6.} Nb7 $2 (37... Re8 38. e6 Nb7 39. Bxb7 Rxb7) 38. f6 Nc5 39. fxg7+ {Precision: White = 73%, Black = 21%.} 1-0

[Event "9. Korbacher Open 2017"]
[Site "Korbach"]
[Date "2017.10.20"]
[Round "3"]
[White "Lesny, Florian"]
[Black "Aardenburg, Piet"]
[Result "1-0"]
[WhiteElo "1997"]
[BlackElo "1782"]
[Annotator "NA RC"]
[PlyCount "53"]
[EventDate "2017.??.??"]
[EventType "swiss"]
[EventCountry "GER"]
[SourceTitle "playchess.com"]
[Source "ChessBase"]
[SourceQuality "1"]
[TimeControl "40/5400+30:1800+30"]

{[%evp 8,53,45,47,39,25,45,30,32767,32767,58,60,64,66,51,54,99,70,158,146,145,140,210,200,211,199,197,161,197,202,209,208,252,212,209,216,293,304,303,321,327,342,356,411,395,435,435,435]} 1. e4 {[%emt 0:00:00]} e5 {[%emt 0:00:09]} 2. Nf3 {[%emt 0:00:00]} Nf6 {[%emt 0:00:07]} 3. Nxe5 {[%emt 0:00:00]} d6 {[%emt 0:00:09]} 4. Nf3 {[%emt 0:00:00]} Nxe4 {[%emt 0:00:07]} 5. d4 {[%emt 0:00:04]} d5 {[%emt 0:00:55]} 6. Bd3 {[%emt 0:00:07]} Nc6 {[%emt 0:00:21]} 7. O-O {[%emt 0:01:03]} Be7 {[%emt 0:03:20]} 8. Re1 {[%emt 0:00:51]} Nf6 {[%emt 0:09:21]} 9. c3 {[%emt 0:02:47] C42: Petroff Defence: 3 Nxe5 and unusual White 3rd moves} O-O {[%emt 0:01:39]} (9... Bg4 10. Qb3 Rb8 11. Ne5 O-O 12. Bg5 Bh5 13. Nxc6 bxc6 14. Qc2 Bg6 15. Bxg6 hxg6 16. Nd2 Re8 17. b4 Bd6 {½-½ (53) Sulskis,S (2564)-Zaitsev,M (2515) Germany 2013}) 10. Nbd2 {[%emt 0:01:49] LiveBook: 3 Games} Bg4 {[%emt 0:02:19]} 11. Nf1 {[%emt 0:01:30]} h6 {[%emt 0:03:13]} 12. h3 {[%emt 0:02:49]} Bxf3 {[%emt 0:03:19]} (12... Be6 $142) 13. Qxf3 {[%emt 0:00:12]} Bd6 {[%emt 0:01:54]} 14. Ng3 $146 {[%emt 0:05:23]} ({Predecessor:} 14. Bd2 Nh7 15. Re2 Ne7 16. Rae1 c6 17. Ng3 Ng6 {1-0 (35) Casser,A (1428)-Salazar Moran,A (1500) LSS email 2010}) 14... Ne7 {[%emt 0:01:32] [#]} (14... Bxg3 $16 {was worth a try.} 15. Qxg3 Kh8) 15. Bxh6 $1 {[%emt 0:03:45]} gxh6 {[%emt 0:00:30]} 16. Qxf6 {[%emt 0:00:28]} Ng6 {[%emt 0:01:35]} 17. Qxd8 {[%emt 0:01:13]} Raxd8 {[%emt 0:00:23]} 18. Nf5 {[%emt 0:00:46]} h5 {[%emt 0:02:19]} 19. g3 {[%emt 0:04:10]} c6 {[%emt 0:02:50]} 20. Nxd6 {[%emt 0:00:41]} Rxd6 {[%emt 0:00:02]} 21. h4 {[%emt 0:00:50]} f5 {[%emt 0:00:58]} 22. Be2 {[%emt 0:01:48]} f4 {[%emt 0:01:44]} 23. Bxh5 {[%emt 0:01:53]} fxg3 {[%emt 0:00:06]} 24. fxg3 {[%emt 0:00:22]} Rf7 {[%emt 0:04:11]} 25. Re8+ {[%emt 0:01:09]} Kh7 {[%emt 0:00:34]} 26. Rae1 {[%emt 0:01:28]} Rdf6 {[%emt 0:02:29]} 27. R8e6 $18 {[%emt 0:02:42]} 1-0

[Event "9. Korbacher Open 2017"]
[Site "Korbach"]
[Date "2017.10.20"]
[Round "3"]
[White "Van der Meiden, Dirk"]
[Black "Koellner, Ruben Gideon"]
[Result "1-0"]
[WhiteElo "1958"]
[BlackElo "2148"]
[Annotator "TA"]
[PlyCount "115"]
[EventDate "2017.??.??"]
[EventType "swiss"]
[EventCountry "GER"]
[SourceTitle "playchess.com"]
[Source "ChessBase"]
[SourceQuality "1"]

{[%evp 17,115,36,55,36,43,18,39,33,51,29,45,50,60,-17,32,-7,21,28,95,0,0,-14,-9,-28,-13,-83,-90,-74,-68,-88,-75,-83,0,0,22,0,32,-13,-16,-15,23,21,31,-39,64,49,36,61,170,177,197,203,261,270,253,216,249,251,318,279,417,308,339,322,338,330,321,332,316,277,281,116,365,283,448,437,419,368,522,497,465,135,129,113,121,110,92,83,727,716,681,699,848,811,2126,1793,6737,5920,3520,3037]} 1. e4 d6 2. d4 Nf6 3. Nc3 e5 4. Nf3 Nbd7 5. Bc4 Be7 6. O-O c6 7. a4 Qc7 8. h3 {C41: Philidor Defence} (8. Re1 h6 9. Qd3 exd4 10. Qxd4 Ne5 11. Nxe5 dxe5 {1-0 (11) Fedorchuk,S (2665)-Rapport,R (2704) Palic 2014}) 8... h6 9. Re1 Nf8 {LiveBook: 8 Games} 10. Qe2 {White is slightly better.} Ng6 $146 ({Predecessor:} 10... g5 11. Bb3 g4 12. hxg4 Bxg4 13. Qc4 Ne6 14. d5 cxd5 15. Qb5+ Kf8 16. Nxd5 Nxd5 17. Qxd5 Bxf3 18. gxf3 Bg5 19. Be3 Rg8 20. Kf1 Rg6 {½-½ (20) Horvath,J (2289)-Eskandary,J (2172) Germany 2003}) 11. Rb1 a5 12. Be3 O-O 13. Nh2 Kh8 14. Rbd1 Bd7 15. f3 (15. Nf1 $14) 15... Nh7 16. Qf2 Ng5 17. Kh1 Ne6 (17... Qc8 $11) 18. Bxe6 (18. dxe5 $1 $16 Nxe5 19. Ba2) 18... Bxe6 $11 19. d5 Bd7 20. Bb6 Qc8 21. Rf1 (21. Be3 $11 {remains equal.}) 21... c5 $17 {Strongly threatening ...Ra6.} 22. Nb5 Ra6 23. Bc7 {[%cal Bb6c7,Bc7e5,Be5c3,Bc3a5][%mdl 32]} Nf4 24. c4 Nh5 (24... f5 $17 25. Qg3 Kh7) 25. Qe1 $11 Qa8 26. Ng4 Kh7 27. Nxe5 dxe5 28. Bxe5 Rg6 29. g4 Nf6 30. Rg1 (30. Bc3 $14) 30... Bxb5 (30... h5 $1 $15) 31. axb5 $14 Nd7 32. Bc3 {[%mdl 1024] White has compensation.} Qb8 (32... a4 $14) 33. e5 $1 $18 Bg5 34. Qe4 $1 Kg8 35. f4 Bh4 36. Bxa5 Re8 {[%cal Rd7e5]} 37. Bc3 Nf6 38. Qf5 Bf2 (38... Nh7 {is a better defense.} 39. e6 Rf6 40. Bxf6 fxe6 41. dxe6 Bxf6) 39. Rg2 Bd4 40. Bxd4 ({Weaker is} 40. exf6 Rxf6 41. Qh5 Rxf4 $11) 40... cxd4 41. Rxd4 ({Not} 41. exf6 Rxf6 42. Qd7 Rd8 $11) 41... Qa7 42. Qd3 Nd7 43. b4 Qa1+ 44. Kh2 (44. Rg1 $18 {and the rest is easy.} Qb2 45. e6 $1 {[%mdl 512]}) 44... Qe1 $2 (44... Rxe5 $16 45. fxe5 Nxe5) 45. Qd2 Qf1 (45... Qxd2 {was called for.} 46. Rgxd2 Rb6) 46. Rg1 Qf3 {Black hopes to continue with ...Nxe5.} 47. Re1 {Rd3 is the strong threat.} Qb3 (47... Ra8 $142 48. Rd3 Ra2 49. Rxf3 Rxd2+ 50. Kg3 f5) 48. c5 {[%cal Bc4c5,Bc5c6][%mdl 32]} Ra8 {[%cal Be8a8,Ba8a3,Ba3e3][%mdl 32] Threatens to win with ...Ra2.} 49. Re2 $2 (49. c6 $18 {has better winning chances.} bxc6 50. dxc6) 49... Ra3 $16 {[#]} 50. Re3 $3 $36 {[%mdl 2560] Keeping Black busy.} Qxe3 51. Qxe3 Rxe3 {[#]} 52. c6 $1 {[%cal Rc6d7]} Nb6 $2 {[%mdl 8192] [#]} (52... Kf8 $16) 53. d6 $1 $18 {[%cal Rd6d7] White is clearly winning.} bxc6 54. bxc6 Ra3 55. f5 Ra8 56. fxg6 fxg6 57. d7 Nxd7 58. Rxd7 {Precision: White = 44%, Black = 23%.} 1-0

[Event "9. Korbacher Open 2017"]
[Site "Korbach"]
[Date "2017.10.20"]
[Round "3"]
[White "Bluebaum, Johanna"]
[Black "Hansen, Flemming Haupt"]
[Result "1-0"]
[WhiteElo "1955"]
[BlackElo "2121"]
[Annotator "TA"]
[PlyCount "65"]
[EventDate "2017.??.??"]
[EventType "swiss"]
[EventCountry "GER"]
[SourceTitle "playchess.com"]
[Source "ChessBase"]
[SourceQuality "1"]

{[%evp 25,65,66,66,50,62,66,55,43,73,64,104,89,104,90,122,-20,110,121,135,141,358,372,510,497,501,464,479,485,566,566,571,562,622,632,680,690,807,805,759,731,723,715]} 1. d4 {[%cal Bd2d4,Bd4e5][%mdl 32]} Nf6 2. c4 e5 3. dxe5 Ng4 4. Bf4 Bb4+ 5. Nd2 Nc6 6. Ngf3 Qe7 7. e3 Ngxe5 8. Nxe5 Nxe5 9. Be2 Ng6 10. Bg3 {A52: Budapest Gambit} d6 (10... Bd6 11. Qc2 Be5 12. O-O-O d6 13. f4 Bf6 14. Ne4 Bh4 15. Bf3 O-O 16. Nc3 f5 17. e4 Qf7 {1-0 (40) Batsiashvili,N (2383)-Villar Nieves,A (2209) Paleochora 2010}) 11. a3 $146 ({Predecessor:} 11. Qa4+ Bd7 12. Qxb4 Bc6 13. Bf3 O-O 14. O-O Bxf3 15. Nxf3 b6 16. Rfd1 f6 17. Qc3 Ne5 18. Nxe5 fxe5 {1-0 (46) Bret,J (1585)-Scott,I (1665) Hong Kong 2016}) 11... Bxd2+ 12. Qxd2 Bd7 13. O-O h5 {LiveBook: 4 Games} 14. h3 Bc6 15. b4 {[%cal Bb2b4,Bb4b5][%mdl 32]} h4 16. Bh2 Qg5 {[%csl Gc6][%cal Rg5g2]} 17. f3 $1 {[%cal Bf2f3,Bf3f4,Bf4f5][%mdl 32]} O-O 18. b5 $1 {[%cal Rb5c6]} Bd7 19. f4 $36 {[%mdl 2048] White is in control.} Qc5 {[#]} 20. Qd4 ({White should play} 20. Kh1 $1 $16 {Strongly threatening e4.} Bf5 {[#]} 21. e4 $1 {[%mdl 512]} Bxe4 22. Bg1) 20... Rfe8 (20... Qxd4 $1 $11 {remains equal.} 21. exd4 Ne7) 21. Qxc5 $16 dxc5 22. f5 Ne5 $2 (22... Nf8 $16) 23. Rad1 $18 Bc8 24. Bxe5 {White is clearly winning.} Rxe5 25. Rd8+ Kh7 26. Rf4 {[%cal Rf4h4]} g5 27. fxg6+ $1 Kxg6 28. Rxh4 Rxe3 29. Kf2 Rxa3 30. Rhh8 Be6 {With the idea ...Rxd8.} 31. Rxa8 Ra2 32. Rag8+ Kf6 33. Rh4 {Precision: White = 77%, Black = 27%.} 1-0